Flora's trees and shrubs: (Record no. 47573)

MARC details
000 -LEADER
fixed length control field 00469nam a22001577a 4500
008 - FIXED-LENGTH DATA ELEMENTS--GENERAL INFORMATION
fixed length control field 230627b |||||||| |||| 00| 0 eng d
020 ## - INTERNATIONAL STANDARD BOOK NUMBER
International Standard Book Number 1-740480-098-8
040 ## - CATALOGING SOURCE
Original cataloging agency National Science Library
Transcribing agency National Science Library
080 ## - UNIVERSAL DECIMAL CLASSIFICATION NUMBER
Universal Decimal Classification number R 582.09
Item number P5
245 ## - TITLE STATEMENT
Title Flora's trees and shrubs:
Remainder of title Illustrated A-Z of over 8500 plants
260 ## - PUBLICATION, DISTRIBUTION, ETC.
Place of publication, distribution, etc. Australia:
Name of publisher, distributor, etc. Global Book Publishing,
Date of publication, distribution, etc. 2005
300 ## - PHYSICAL DESCRIPTION
Extent 958p.
650 ## - SUBJECT ADDED ENTRY--TOPICAL TERM
Topical term or geographic name entry element Trees
653 ## - INDEX TERM--UNCONTROLLED
Uncontrolled term Flora
942 ## - ADDED ENTRY ELEMENTS (KOHA)
Source of classification or shelving scheme Universal Decimal Classification
Koha item type Reference
Holdings
Withdrawn status Lost status Source of classification or shelving scheme Damaged status Not for loan Home library Current library Shelving location Date acquired Total Checkouts Full call number Barcode Date last seen Price effective from Koha item type
    Universal Decimal Classification     National Science Library National Science Library GF/REF-1/C-5 27/06/2023   R 582.09 P5 250916 27/06/2023 27/06/2023 Reference